Größte Städte in Marokko - Statistiken

Allgemein
  • Dieses Quiz wurde 47 mal gespielt
  • Das Durchschnittsergebnis liegt bei 5 aus 13
Antwortstatistiken
Antwort % Korrekt
Rabat
95%
Casablanca
91%
Tanger
65%
Fès
63%
Agadir
44%
Marrakech
21%
Kénitra
19%
Meknès
19%
Tétouan
19%
Essaouira
12%
Salé
9%
El Jadida
5%
Safi
5%
Keine übereinstimmenden Quizze gefunden
Verteilung der Resultate
Anzahl Personen mit jedem Resultat
Perzentil nach korrekt beantworteten Fragen
Ihre Resultats-Entwicklung
Sie haben dieses Quiz noch nicht gespielt